[Event "KAZ-ch sf (Women)"]
[White "Kim, Kristina"]
[Black "Khomentovskaya, Yana"]
[Site "Pavlodar"]
[Round "3"]
[Result "1-0"]
[Date "2016.02.08"]
[WhiteElo "1785"]
[BlackElo "1947"]
[PlyCount "41"]
[EventDate "2016.02.05"]
[EventType "swiss"]
[EventRounds "9"]
[EventCountry "KAZ"]
[SourceTitle "CBM 171 Extra"]
[Source "ChessBase"]
[SourceDate "2016.04.26"]
[SourceVersion "1"]
[SourceVersionDate "2016.04.26"]
[SourceQuality "1"]

1. d4 d5 2. Nf3 Nf6 3. Bf4 c5 4. c3 e6 5. e3 Qb6 6. Qb3 Nbd7 7. Nbd2 Be7 8. Be2 0-0 9. h3 a5 10. 0-0 Qa7 11. a4 b6 12. Nb1 Ba6 13. Qc2 cxd4 14. exd4 Ne4 15. Na3 Bxa3 16. Rxa3 Qb7 17. Ne1 b5 18. axb5 Bxb5 19. Rb3 Ba4 20. Rxb7 Bxc2 21. Nxc2 1-0